Exercise Physiology / Theory and Application to Fitness and Performance: Sixth Edition (Record no. 9710)
[ view plain ]
| 000 -LEADER | |
|---|---|
| fixed length control field | 01671cam a22002174a 4500 |
| 005 - ΗΜΕΡΟΜΗΝΙΑ ΚΑΙ ΩΡΑ ΤΕΛΕΥΤΑΙΑΣ ΕΝΗΜΕΡΩΣΗΣ | |
| Πεδίο ελέγχου | 20250605164407.0 |
| 008 - FIXED-LENGTH DATA ELEMENTS--GENERAL INFORMATION | |
| Πεδίο ελέγχου σταθερού μήκους | 250528s ||||||||||||||||||||||||d |
| 035 ## - SYSTEM CONTROL NUMBER | |
| System control number | 24873 |
| 020 ## - ISBN | |
| ISBN | 9780071107266 |
| 040 ## - ΠΗΓΗ ΚΑΤΑΛΟΓΟΓΡΑΦΗΣΗΣ | |
| Φορέας πρωτότυπης καταλογογράφησης | MC Athens Campus Library |
| Γλώσσα καταλογογράφησης | Ελληνικά, Μοντέρνα (1453-) |
| Modifying agency | MC Athens Campus Library |
| Κανόνες περιγραφικής καταλογογράφησης | AACR2 |
| 245 1# - ΤΙΤΛΟΣ ΚΑΙ ΔΗΛΩΣΗ ΥΠΕΥΘΥΝΟΤΗΤΑΣ | |
| Τίτλος | Exercise Physiology / Theory and Application to Fitness and Performance: Sixth Edition |
| 250 ## - EDITION STATEMENT | |
| Edition statement | 6th |
| 260 ## - PUBLICATION, DISTRIBUTION, ETC. | |
| Name of publisher, distributor, etc. | Mcgraw Hill, |
| Date of publication, distribution, etc. | 2007 |
| 300 ## - PHYSICAL DESCRIPTION | |
| Extent | 594 |
| 520 ## - SUMMARY, ETC. | |
| Summary, etc. | Physiology of Exercise, Physiology of Exercise in the United States - Its Past and Its Future, Control of the Internal Environment, Bioenergetics, Exercise Metabolism, Hormonal Responses to Exercise, Measurement of Work and Power and Energy Expenditure, The Nervous System: Structure and Control of Movement, Skeletal Muscle: Structure and Function, Circulatory Responses to Exercise, Respiration During Exercise, Acid-Base Balance During Exercise, Temperature Regulation, The Physiology of Training: Effect on VO2 Max and Performance and Homeostasis and Strength, Physiology of Health and Fitness, Patterns in Health and Disease: Epidemiology and Physiology, Work Tests to Evaluate Cardiorespiratory Fitness, Exercise Prescriptions for Health and Fitness, Exercise for Special Populations, Body Composition and Nutrition for Health, Physiology of Performance, Factors Affecting Performance, Laboratory Assessment of Human Performance, Training for the Female Athlete and Children and Special Populations, Nutrition and Body Composition and Performance, Exercise and the Environment, Ergogenic Aids. |
| 700 1# - ΠΡΟΣΘΕΤΗ ΑΝΑΓΡΑΦΗ--ΦΥΣΙΚΟ ΠΡΟΣΩΠΟ | |
| Personal name | Howley Edward T |
| 9 (RLIN) | 6178 |
| 700 1# - ΠΡΟΣΘΕΤΗ ΑΝΑΓΡΑΦΗ--ΦΥΣΙΚΟ ΠΡΟΣΩΠΟ | |
| Personal name | Powers Scott K |
| 9 (RLIN) | 9615 |
| 942 ## - ADDED ENTRY ELEMENTS (KOHA) | |
| Koha item type | Books |
| Τύπος τεκμηρίου | Βιβλιοθήκη | Τρέχουσα τοποθεσία | Barcode | Αριθμός εισαγωγής | Ημερομηνία απόκτησης | Ταξιθετικό σύμβολο | Αριθμός αντιτύπου | Κατάσταση απόσυρσης | Κατάσταση χαμένου | Κατάσταση κατεστραμμένου | Μη δανεισμός | Σύνολο δανεισμών | Ημερομηνία τελευταίας εμφάνισης | Η τιμή ισχύει από |
|---|---|---|---|---|---|---|---|---|---|---|---|---|---|---|
| Books | MC Athens Campus Library | MC Athens Campus Library | 9780000097095 | 7810 | 05/06/2025 | 612/.044 POW | 1 | 05/06/2025 | 05/06/2025 |